| 000 | 00000cam 2200000zi 4500 |
| 001 | 9.961331 |
| 003 | CaOODSP |
| 005 | 20260515142109 |
| 006 | m o d f |
| 007 | cr mn||||||||| |
| 008 | 260326e202604##onca ob f000 0 fre d |
| 020 | |a9780660992273 |
| 040 | |aCaOODSP|bfre|erda|cCaOODSP |
| 043 | |an-cn-nt |
| 045 | |ax4y2 |
| 086 | 1 |aFs70-6/2026-018F-PDF |
| 245 | 00|aÉvaluation des stocks de grand corégone (Coregonus clupeaformis) dans le Grand lac des Esclaves, 2022. |
| 246 | 17|aGrand lac des Esclaves, grand corégone, évaluation des stocks, 2022 |
| 264 | 1|a[Ottawa] : |bSecrétariat canadien de consultation scientifique, |cavril 2026. |
| 264 | 4|c©2026 |
| 300 | |a1 ressource en ligne (21 pages) : |billustrations (certaines en couleur). |
| 336 | |atexte|btxt|2rdacontent/fre |
| 337 | |ainformatique|bc|2rdamedia/fre |
| 338 | |aressource en ligne|bcr|2rdacarrier/fre |
| 490 | 1 |aAvis scientifique, |x1919-5117 ; |v2026/018 |
| 500 | |aPublié aussi en anglais sous le titre : Lake whitefish (Coregonus clupeaformis) stock assessment for Great Slave Lake, 2022. |
| 500 | |aTitre de départ. |
| 504 | |aComprend des références bibliographiques (page 20). |
| 650 | 6|aGrand corégone|zTerritoires du Nord-Ouest|zEsclaves, Grand lac des. |
| 650 | 6|aGrand corégone|xPêche commerciale|zTerritoires du Nord-Ouest|zEsclaves, Grand lac des. |
| 650 | 6|aRessources halieutiques|xÉvaluation|zTerritoires du Nord-Ouest|zEsclaves, Grand lac des. |
| 710 | 2 |aSecrétariat canadien de consultation scientifique, |eorganisme de publication. |
| 710 | 1 |aCanada. |bMinistère des pêches et des océans. |bRégion de l'Arctique, |eorganisme de publication. |
| 775 | 08|tLake whitefish (Coregonus clupeaformis) stock assessment for Great Slave Lake, 2022.|w(CaOODSP)9.961330 |
| 830 | #0|aAvis scientifique (Secrétariat canadien de consultation scientifique)|x1919-5117 ; |v2026/018.|w(CaOODSP)9.502624 |
| 856 | 40|qPDF|s1.70 Mo|uhttps://publications.gc.ca/collections/collection_2026/mpo-dfo/fs70-6/Fs70-6-2026-018-fra.pdf |